| 000 | 01237nam a22002537a 4500 | ||
|---|---|---|---|
| 005 | 20081117123210.0 | ||
| 008 | 081117t xxu||||| |||| 00| 0 hin d | ||
| 010 | _aHIN-85285 | ||
| 020 |
_c595.00 _a9788131304655 |
||
| 035 | _aHN-57631 | ||
| 037 | _bDBAD / PUB | ||
| 040 |
_aDPL _bHN |
||
| 082 | _a370.7111 | ||
| 100 | _aशिरीष पाल सिंह | ||
| 245 |
_aअध्यापक शिक्षा / _bशिरीष पाल सिंह |
||
| 246 |
_bby Shirish Pal Singh _aAdhayaapaka shikashaa |
||
| 260 |
_aनई दिल्ली _bए.पी.एच.पब्लिशिंग कार्पोरेशन _c2009 |
||
| 270 |
_a4435-36/7, अंसारी रोड, दरियागंज _bनई दिल्ली _e110002 _k011-23274050, 23285807 _maphbooks@vsnl.net |
||
| 300 |
_a222 पृ _c22सेमी (सजिल्द) |
||
| 650 |
_aअध्यापक _xप्रशिक्षण |
||
| 650 |
_aTeachers _xtraining of |
||
| 942 |
_2ddc _cHN _mशिरीष _h370.7111 |
||
| 999 |
_c19260 _d19260 |
||